[Event "18th ECC w 2013"]
[Site "Rhodes GRE"]
[Date "2013.10.24"]
[Round "5.4"]
[White "Paulauskaite, Gintare"]
[Black "Djukic, Sandra"]
[Result "0-1"]
[WhiteElo "2053"]
[BlackElo "2150"]
[WhiteTeam "MRU - Vilniaus Fortas"]
[BlackTeam "Rudar Prijedor"]
[WhiteFideId "12802964"]
[BlackFideId "931390"]
[EventDate "2013.10.20"]

1. e4 c5 2. Nf3 Nc6 3. d4 cxd4 4. Nxd4 Nf6 5. Nc3 e5 6. Ndb5 d6 7. Nd5 Nxd5 8.
exd5 Nb8 9. c4 a6 10. Nc3 Be7 11. Bd3 O-O 12. O-O f5 13. f3 Nd7 14. Be3 Bg5 15.
Bf2 Qf6 16. Qc2 Nc5 17. Be2 a5 18. b3 Bd7 19. a3 a4 20. b4 Nb3 21. Ra2 Rac8 22.
Qd1 e4 23. Rc2 exf3 24. gxf3 Bf4 25. Bd3 Nd2 26. Re1 Qg5+ 27. Kh1 Qh5 28. Bg1
Nxc4 29. Bxc4 Rxc4 30. Re7 Be8 31. Qd3 b5 32. Bd4 Bf7 33. Rg2 g6 34. Ne2 Bh6 35.
Bc3 Qh4 36. Rb7 Rfc8 37. Qxf5 R4c7 38. Rxc7 Rxc7 39. Qd3 Qc4 40. Qd1 Qxd5 41.
Qf1 Qd3 42. Bb2 Bd5 43. Rf2 Rc2 44. Nc3 Qxf1+ 45. Rxf1 Bc4 46. Rb1 Bg7 47. Nd1
Bxb2 48. Nxb2 Ba2 0-1

[Event "18th ECC w 2013"]
[Site "Rhodes GRE"]
[Date "2013.10.24"]
[Round "5.5"]
[White "Novkovic, Julia"]
[Black "Zimina, Olga"]
[Result "0-1"]
[WhiteTitle "WFM"]
[BlackTitle "IM"]
[WhiteElo "2105"]
[BlackElo "2337"]
[WhiteTeam "ASVOE Pamhagen"]
[BlackTeam "Fischer Chieti"]
[WhiteFideId "12000086"]
[BlackFideId "4132190"]
[EventDate "2013.10.20"]

1. e4 e5 2. Nf3 Nc6 3. Bc4 Bc5 4. d3 Nf6 5. Bg5 h6 6. Be3 Bb6 7. Nc3 d6 8. h3
Na5 9. Qe2 c6 10. Bxb6 Qxb6 11. Bb3 Bd7 12. Nd2 Qc7 13. Nc4 Nxc4 14. Bxc4 Be6
15. Bb3 a5 16. O-O O-O 17. f4 exf4 18. Rxf4 Qe7 19. Bxe6 Qxe6 20. Raf1 Nd7 21.
Qf2 a4 22. a3 Qe7 23. Nd1 Ra5 24. Ne3 Rg5 25. Nf5 Qe5 26. c3 c5 27. Ne3 Qe6 28.
Nf5 Ne5 29. Qc2 b5 30. Kh1 Rc8 31. Qe2 Rc7 32. d4 cxd4 33. Nxd4 Qc4 34. Rd1 Rg6
35. Qf1 Rb7 36. Nf5 Qxf1+ 37. Rfxf1 Nc4 38. Rf2 Re6 39. Rd4 h5 40. Ng3 g6 41. h4
Rbe7 42. Kh2 Re5 43. Rc2 R7e6 44. Kh3 Rf6 45. Ne2 Rf1 46. Kg3 g5 47. Nc1 gxh4+
48. Kxh4 Rf4+ 49. Kg3 Rfxe4 50. Rxe4 Rxe4 51. Kf3 f5 52. Ne2 Kf7 53. Ng3 Ne5+
54. Kf2 Nd3+ 55. Kg1 Re1+ 56. Kh2 Kg6 57. Rd2 Ne5 58. Ne2 Kg5 59. Nd4 Ng4+ 60.
Kh3 Rh1+ 61. Kg3 h4+ 62. Kf3 Ne5+ 63. Ke2 Nc4 64. Nf3+ Kg4 65. Rd5 Rb1 66. Rd4+
f4 67. Rd5 Rxb2+ 68. Ke1 Rxg2 69. Nxh4 Kxh4 70. Rxb5 Kg3 71. Rb4 Ne3 72. Re4 Kf3 0-1

[Event "18th ECC w 2013"]
[Site "Rhodes GRE"]
[Date "2013.10.24"]
[Round "5.5"]
[White "Brunello, Marina"]
[Black "Hapala, Lisa"]
[Result "1-0"]
[WhiteTitle "WIM"]
[WhiteElo "2263"]
[BlackElo "2018"]
[WhiteTeam "Fischer Chieti"]
[BlackTeam "ASVOE Pamhagen"]
[WhiteFideId "822590"]
[BlackFideId "1622080"]
[EventDate "2013.10.20"]

1. e4 e5 2. Nf3 Nc6 3. d4 exd4 4. Nxd4 Nf6 5. Nc3 Bb4 6. Nxc6 bxc6 7. Bd3 d5 8.
exd5 cxd5 9. O-O O-O 10. h3 c6 11. Qf3 Bd6 12. Bf4 Rb8 13. b3 Rb7 14. Ne2 Re8
15. Rad1 Bxf4 16. Qxf4 c5 17. Ng3 Rbe7 18. b4 cxb4 19. Qxb4 Rb7 20. Qd4 Qa5 21.
Rb1 Rxb1 22. Rxb1 Re1+ 23. Rxe1 Qxe1+ 24. Kh2 Qe7 25. Ne2 g6 26. Nf4 Qd6 27. Kg1
Qb6 28. Qe5 Bb7 29. a4 a5 30. Bb5 Qd8 31. f3 Bc6 32. Qd4 Bb7 33. c4 g5 34. Nd3
Qe7 35. c5 Bc8 36. Kf2 h5 37. Qe3 Qxe3+ 38. Kxe3 Kf8 39. Ne5 h4 40. Kd4 Be6 41.
Nc6 Nh5 42. Nxa5 Nf4 43. Bf1 Ke7 44. Nc6+ Kd7 45. Nb4 f6 46. Nc2 Kc7 47. Ne3 Kb7
48. a5 Kc6 49. Nc2 Kb7 50. Nb4 Bf7 51. c6+ Kc7 52. Kc5 Ne6+ 53. Kxd5 Nd8+ 54.
Ke4 Bg6+ 55. Kd5 Bf7+ 56. Kc5 Ne6+ 57. Kc4 Nd8+ 58. Kb5 Nxc6 59. Nxc6 Be8 60.
Kc5 Bxc6 61. Bd3 g4 62. hxg4 h3 63. gxh3 Bxf3 64. Bc4 Bg2 65. h4 Bh3 66. g5 fxg5
67. hxg5 Bf5 68. Bf7 1-0

[Event "18th ECC w 2013"]
[Site "Rhodes GRE"]
[Date "2013.10.24"]
[Round "5.5"]
[White "Horvath, Maria"]
[Black "Gueci, Tea"]
[Result "1/2-1/2"]
[WhiteTitle "WFM"]
[WhiteElo "2036"]
[BlackElo "2054"]
[WhiteTeam "ASVOE Pamhagen"]
[BlackTeam "Fischer Chieti"]
[WhiteFideId "1601660"]
[BlackFideId "872342"]
[EventDate "2013.10.20"]

1. d4 Nf6 2. c4 c5 3. d5 e6 4. Nc3 exd5 5. cxd5 d6 6. e4 g6 7. h3 Bg7 8. Nf3 O-O
9. Bd3 b5 10. Bxb5 Nxe4 11. Nxe4 Qa5+ 12. Nfd2 Qxb5 13. Nxd6 Qa6 14. N2c4 Nd7
15. O-O Ne5 16. Nxc8 Raxc8 17. Nxe5 Bxe5 18. Re1 Rfe8 19. a4 Rcd8 20. Bg5 f6 21.
Be3 Bxb2 22. Rb1 Bc3 23. Rf1 Qd6 24. Qb3 Bd4 25. Bxd4 cxd4 26. Qf3 f5 27. Rb5 a6
28. Rb7 Qxd5 29. Qxd5+ Rxd5 30. Rc1 d3 31. Rcc7 d2 32. Rg7+ Kh8 33. Rxh7+ Kg8
34. Rhg7+ Kh8 35. Rh7+ Kg8 36. Rhg7+ Kh8 1/2-1/2

[Event "18th ECC w 2013"]
[Site "Rhodes GRE"]
[Date "2013.10.25"]
[Round "6.1"]
[White "Koneru, Humpy"]
[Black "Zaksaite, Salomeja"]
[Result "1-0"]
[WhiteTitle "GM"]
[BlackTitle "WIM"]
[WhiteElo "2607"]
[BlackElo "2184"]
[WhiteTeam "Cercle d'Echecs de Monte-Carlo"]
[BlackTeam "MRU - Vilniaus Fortas"]
[WhiteFideId "5008123"]
[BlackFideId "12801496"]
[EventDate "2013.10.20"]

1. d4 Nf6 2. Bg5 d5 3. e3 Nbd7 4. Nf3 g6 5. c4 dxc4 6. Bxc4 Bg7 7. Nc3 O-O 8.
Bb3 c5 9. O-O b6 10. Qe2 cxd4 11. exd4 h6 12. Bh4 Bb7 13. Ne5 g5 14. Bg3 e6 15.
f4 Nd5 16. f5 Rc8 17. fxe6 fxe6 18. Qg4 Qe8 19. Nxd5 Bxe5 20. Ne7+ Qxe7 21.
Qxe6+ Qxe6 22. Bxe6+ Kh7 23. dxe5 Bc6 24. Bf5+ Kg7 25. e6 1-0

[Event "18th ECC w 2013"]
[Site "Rhodes GRE"]
[Date "2013.10.25"]
[Round "6.1"]
[White "Batkovskyte, Dominyka"]
[Black "Cramling, Pia"]
[Result "0-1"]
[BlackTitle "GM"]
[WhiteElo "2082"]
[BlackElo "2515"]
[WhiteTeam "MRU - Vilniaus Fortas"]
[BlackTeam "Cercle d'Echecs de Monte-Carlo"]
[WhiteFideId "12803243"]
[BlackFideId "1700030"]
[EventDate "2013.10.20"]

1. d4 Nf6 2. c4 e6 3. Nc3 Bb4 4. Qc2 O-O 5. Bg5 c5 6. dxc5 Na6 7. e3 Nxc5 8. f3
Qa5 9. Bxf6 gxf6 10. Ne2 Na4 11. Rc1 b6 12. a3 Bxc3+ 13. Nxc3 Nxc3 14. Qxc3
Qxc3+ 15. Rxc3 Bb7 16. Kf2 Rac8 17. Be2 Rc7 18. Rd1 f5 19. Rd6 Rd8 20. Bd1 Kf8
21. Ba4 Ke7 22. Rcd3 Bd5 23. Rxd7+ Rcxd7 24. Bxd7 Bc6 25. Bxc6 Rxd3 0-1

[Event "18th ECC w 2013"]
[Site "Rhodes GRE"]
[Date "2013.10.25"]
[Round "6.1"]
[White "Skripchenko, Almira"]
[Black "Paulauskaite, Gintare"]
[Result "1-0"]
[WhiteTitle "IM"]
[WhiteElo "2441"]
[BlackElo "2053"]
[WhiteTeam "Cercle d'Echecs de Monte-Carlo"]
[BlackTeam "MRU - Vilniaus Fortas"]
[WhiteFideId "13900145"]
[BlackFideId "12802964"]
[EventDate "2013.10.20"]

1. e4 e6 2. b3 d5 3. Bb2 Nf6 4. e5 Nfd7 5. f4 c5 6. Nf3 Nc6 7. g3 Be7 8. Bg2 O-O
9. O-O Qc7 10. Nc3 a6 11. Ne2 f6 12. exf6 Bxf6 13. Bxf6 Nxf6 14. d4 b6 15. c3
Bd7 16. Re1 Rf7 17. Qd3 Re7 18. Rac1 Be8 19. Nh4 Na5 20. Qe3 c4 21. b4 Nb7 22.
Bf3 Bh5 23. Bxh5 Nxh5 24. f5 exf5 25. Qg5 Nf6 26. Nxf5 Ree8 27. Nf4 Qd7 28. Ne6
Ne4 29. Rxe4 dxe4 30. Nfxg7 Re7 31. Nh5+ Kh8 32. Qe5+ Kg8 33. Nf6+ 1-0

[Event "18th ECC w 2013"]
[Site "Rhodes GRE"]
[Date "2013.10.25"]
[Round "6.2"]
[White "Zhukova, Natalia"]
[Black "Ushenina, Anna"]
[Result "1/2-1/2"]
[WhiteTitle "GM"]
[BlackTitle "GM"]
[WhiteElo "2456"]
[BlackElo "2497"]
[WhiteTeam "Jelica PEP"]
[BlackTeam "Ugra"]
[WhiteFideId "14101513"]
[BlackFideId "14110911"]
[EventDate "2013.10.20"]

1. d4 d5 2. c4 c6 3. Nf3 Nf6 4. e3 e6 5. Bd3 dxc4 6. Bxc4 Nbd7 7. O-O b5 8. Bd3
Bb7 9. e4 a6 10. a4 Be7 11. Qe2 b4 12. Nbd2 c5 13. e5 Nd5 14. Nc4 cxd4 15. Nxd4
Nc5 16. Bc2 O-O 17. Rd1 Qc7 18. Qg4 f5 19. exf6 Nxf6 20. Qh3 e5 21. Nf5 Be4 22.
Bxe4 Ncxe4 23. Nxe7+ Qxe7 24. Be3 Kh8 25. Rac1 Rad8 26. Rxd8 Rxd8 27. Qf5 Re8
28. f3 Nd6 29. Nxd6 Qxd6 30. Rc8 Kg8 31. Qc2 Rxc8 32. Qxc8+ Kf7 33. Qc4+ Kg6 34.
Qc2+ Kf7 35. Qc4+ Kg6 36. Qc2+ Kf7 37. Qc4+ 1/2-1/2

[Event "18th ECC w 2013"]
[Site "Rhodes GRE"]
[Date "2013.10.25"]
[Round "6.2"]
[White "Pogonina, Natalija"]
[Black "Vojinovic, Jovana"]
[Result "1/2-1/2"]
[WhiteTitle "WGM"]
[BlackTitle "WGM"]
[WhiteElo "2485"]
[BlackElo "2347"]
[WhiteTeam "Ugra"]
[BlackTeam "Jelica PEP"]
[WhiteFideId "4147855"]
[BlackFideId "937266"]
[EventDate "2013.10.20"]

1. d4 e6 2. c4 f5 3. Nf3 Nf6 4. Nc3 Bb4 5. Qb3 a5 6. g3 b6 7. Bg2 Bb7 8. O-O O-O
9. Bg5 Qe8 10. Rad1 Bxc3 11. Bxf6 Rxf6 12. Qxc3 Kh8 13. Rfe1 d6 14. c5 Bd5 15.
cxd6 cxd6 16. Nh4 Bxg2 17. Nxg2 Nc6 18. Rc1 Nb4 19. Qb3 Rc8 20. a3 Nd5 21. Ne3
Nxe3 22. Qxe3 h6 23. Rxc8 Qxc8 24. Rc1 Qd7 25. Qb3 b5 26. Qc3 Kh7 27. Qxa5 Qb7
28. Qc3 f4 29. Qc2+ Rg6 30. Qc6 Qb8 31. Qe4 d5 32. Qd3 h5 33. Kh1 fxg3 34. hxg3
Kh6 35. Kg2 Rf6 36. Qe3+ Kh7 37. Qe5 Qe8 38. e4 Qf7 39. f4 Qg6 40. Re1 Qg4 41.
Qg5 Qxg5 42. fxg5 Rg6 43. exd5 exd5 44. Re5 b4 45. a4 Rc6 46. Kf3 Rc2 47. b3 Rb2
48. Rxd5 Rxb3+ 49. Kg2 Rd3 50. a5 b3 51. Rb5 Rxd4 52. Rxb3 Ra4 53. Rb5 Ra3 54.
Rc5 Kg6 55. Kf2 Kh7 56. Kg2 1/2-1/2

[Event "18th ECC w 2013"]
[Site "Rhodes GRE"]
[Date "2013.10.25"]
[Round "6.2"]
[White "Rakic, Marija"]
[Black "Kovanova, Baira"]
[Result "1/2-1/2"]
[WhiteTitle "WIM"]
[BlackTitle "WGM"]
[WhiteElo "2296"]
[BlackElo "2396"]
[WhiteTeam "Jelica PEP"]
[BlackTeam "Ugra"]
[WhiteFideId "936286"]
[BlackFideId "4164083"]
[EventDate "2013.10.20"]

1. d4 Nf6 2. c4 e6 3. Nc3 Bb4 4. g3 d5 5. Bg2 O-O 6. Nf3 Nbd7 7. O-O dxc4 8. a3
Be7 9. Bf4 Nd5 10. e4 Nxf4 11. gxf4 c5 12. d5 Nb6 13. dxe6 fxe6 14. Qe2 Rxf4 15.
Rfd1 Qf8 16. a4 a5 17. Nb5 Bd7 18. Nc7 Rd8 19. Rxd7 Rxd7 20. Nxe6 Qf6 21. Nxf4
Qxf4 22. Bh3 Rd3 23. Be6+ Kh8 24. Kg2 h6 25. h3 Bf6 26. Bf5 Nd7 27. Rd1 Ne5 28.
Nxe5 Bxe5 29. Rxd3 Qh2+ 30. Kf3 Qf4+ 31. Kg2 Qh2+ 32. Kf3 Qf4+ 33. Kg2 Qh2+ 1/2-1/2

[Event "18th ECC w 2013"]
[Site "Rhodes GRE"]
[Date "2013.10.25"]
[Round "6.2"]
[White "Romanko, Marina"]
[Black "Eric, Jovana"]
[Result "1-0"]
[WhiteTitle "IM"]
[BlackTitle "WIM"]
[WhiteElo "2359"]
[BlackElo "2218"]
[WhiteTeam "Ugra"]
[BlackTeam "Jelica PEP"]
[WhiteFideId "4149351"]
[BlackFideId "938238"]
[EventDate "2013.10.20"]

1. d4 d5 2. c4 c6 3. Nf3 Nf6 4. e3 e6 5. Nc3 Nbd7 6. Bd3 dxc4 7. Bxc4 b5 8. Bd3
Bd6 9. O-O O-O 10. b3 Bb7 11. Bb2 Qe7 12. Rc1 e5 13. Ne4 Nxe4 14. Bxe4 f5 15.
dxe5 Nxe5 16. Bxe5 Bxe5 17. Bxc6 Rad8 18. Qe2 Bxc6 19. Rxc6 Rd5 20. Rd1 Qd7 21.
Rxd5 Qxd5 22. Qc2 Rd8 23. Kf1 Bd6 24. Rc8 Bb4 25. Rxd8+ Qxd8 26. Nd4 f4 27. Ne6
Qf6 28. Nxf4 a5 29. Qc8+ Kf7 30. Qd7+ Be7 31. Nd5 Qa1+ 32. Ke2 Qxa2+ 33. Kf3 Qa3
34. b4 1-0

[Event "18th ECC w 2013"]
[Site "Rhodes GRE"]
[Date "2013.10.25"]
[Round "6.3"]
[White "Lagno, Kateryna"]
[Black "Kosteniuk, Alexandra"]
[Result "1/2-1/2"]
[WhiteTitle "GM"]
[BlackTitle "GM"]
[WhiteElo "2534"]
[BlackElo "2495"]
[WhiteTeam "CS Politechnica-Antibiotice Iasi"]
[BlackTeam "SHSM Nashe Nasledie"]
[WhiteFideId "14109336"]
[BlackFideId "4128125"]
[EventDate "2013.10.20"]

1. c4 e6 2. g3 d5 3. Bg2 Nf6 4. Nf3 dxc4 5. Qa4+ Nbd7 6. Qxc4 c5 7. d3 Be7 8.
O-O O-O 9. Qc2 Nd5 10. a3 b6 11. e4 N5f6 12. b3 Bb7 13. Bb2 Rc8 14. Nbd2 Nb8 15.
e5 Nd5 16. Ne4 Nc6 17. Qe2 Rc7 18. Rfd1 Ba6 19. Rac1 Na5 20. b4 Nb3 21. Rc2 Bb5
22. Nc3 Nxc3 23. Rxc3 Ba4 24. Rb1 Qd7 25. bxc5 Nxc5 26. d4 Bb5 27. Qc2 Ba4 28.
Qe2 Bb5 29. Qc2 Ba4 30. Qe2 Bb5 1/2-1/2

[Event "18th ECC w 2013"]
[Site "Rhodes GRE"]
[Date "2013.10.25"]
[Round "6.3"]
[White "Gunina, Valentina"]
[Black "Cmilyte, Viktorija"]
[Result "1/2-1/2"]
[WhiteTitle "GM"]
[BlackTitle "GM"]
[WhiteElo "2506"]
[BlackElo "2505"]
[WhiteTeam "SHSM Nashe Nasledie"]
[BlackTeam "CS Politechnica-Antibiotice Iasi"]
[WhiteFideId "4167570"]
[BlackFideId "12801259"]
[EventDate "2013.10.20"]

1. d4 Nf6 2. c4 c5 3. d5 e6 4. Nc3 exd5 5. cxd5 d6 6. Nf3 g6 7. Bf4 a6 8. a4 Bg7
9. h3 O-O 10. e3 Ne8 11. Be2 Nd7 12. O-O Rb8 13. Qc2 Qe7 14. Rfe1 Ne5 15. Nd2
Bf5 16. e4 Bd7 17. a5 Nc7 18. Bh2 g5 19. Bxe5 Bxe5 20. Nc4 Nb5 21. Nxb5 axb5 22.
Nxe5 Qxe5 23. Bg4 Bxg4 24. hxg4 Ra8 25. Ra3 f6 26. b4 cxb4 27. Rb3 Rfc8 28. Qb1
Rxa5 29. Rxb4 Rca8 30. Qd3 Ra1 31. Rbb1 R8a5 32. Rec1 Kg7 33. g3 Rxb1 34. Qxb1
Kg6 35. Kh2 Ra4 36. Qxb5 Ra2 37. Rf1 Qxe4 38. Qxb7 Rd2 39. Qc8 Qxd5 40. Qe8+ Kg7
41. Qe7+ Qf7 42. Qe3 Rd5 43. Ra1 Re5 44. Qd4 Qd5 45. Ra7+ Kg6 46. Qb2 Re1 47.
Qc2+ Qe4 48. Qxe4+ Rxe4 49. Rd7 Rd4 50. f3 Rd2+ 51. Kh3 h6 52. Re7 Rd5 53. f4
gxf4 54. gxf4 h5 55. Kh4 hxg4 56. Kxg4 f5+ 57. Kf3 Kf6 58. Rh7 Rd3+ 59. Ke2 Rd4
60. Ke3 Re4+ 61. Kf3 d5 62. Rh6+ Ke7 63. Rh5 Kf6 64. Rh6+ Kf7 65. Rd6 Rd4 66.
Ke3 Ke7 67. Ra6 Re4+ 68. Kf3 d4 69. Ra7+ Ke6 70. Ra6+ Ke7 71. Ra7+ Kf6 72. Rd7
Kg6 73. Rd5 Kf6 74. Rd6+ Ke7 75. Rd5 Ke6 76. Rd8 Kf6 77. Rd6+ Kg7 78. Rd7+ Kh6
79. Rd5 Kg6 80. Rd8 Re3+ 81. Kf2 Kh5 82. Rg8 Kh4 83. Rg5 Re4 84. Rxf5 Kg4 85.
Re5 Kxf4 86. Rxe4+ Kxe4 87. Ke2 d3+ 1/2-1/2

[Event "18th ECC w 2013"]
[Site "Rhodes GRE"]
[Date "2013.10.25"]
[Round "6.3"]
[White "Bulmaga, Irina"]
[Black "Kovalevskaya, Ekaterina"]
[Result "1/2-1/2"]
[WhiteTitle "IM"]
[BlackTitle "IM"]
[WhiteElo "2401"]
[BlackElo "2410"]
[WhiteTeam "CS Politechnica-Antibiotice Iasi"]
[BlackTeam "SHSM Nashe Nasledie"]
[WhiteFideId "13903063"]
[BlackFideId "4116704"]
[EventDate "2013.10.20"]

1. e4 c5 2. Nf3 Nc6 3. d4 cxd4 4. Nxd4 e5 5. Nb5 d6 6. c4 Be7 7. N1c3 a6 8. Na3
Nf6 9. Be2 O-O 10. Be3 Be6 11. O-O Rc8 12. Nc2 Nb8 13. b3 b5 14. Nb4 bxc4 15.
bxc4 Bxc4 16. Bxc4 Rxc4 17. Nbd5 Nbd7 18. Qb3 Rc8 19. Qb7 Re8 20. Qxa6 Ng4 21.
Ba7 Bg5 22. Nb5 Re6 23. h3 Ngf6 24. Nbc3 Bd2 25. Nxf6+ Nxf6 26. Nd5 Nxd5 27.
exd5 Re8 28. Rab1 Ra8 29. Rb7 Qf6 30. Rfb1 e4 31. Qc6 h6 32. Bb8 Rd8 33. a4 e3
34. fxe3 Bxe3+ 35. Kh1 Bf4 36. R7b4 Bd2 37. R4b2 Bc3 38. Rb3 Be5 39. Rb4 Qg5 40.
Qxa8 Qg3 41. Kg1 Qe3+ 42. Kh1 1/2-1/2

[Event "18th ECC w 2013"]
[Site "Rhodes GRE"]
[Date "2013.10.25"]
[Round "6.3"]
[White "Girya, Olga"]
[Black "L'Ami, Alina"]
[Result "1/2-1/2"]
[WhiteTitle "WGM"]
[BlackTitle "WGM"]
[WhiteElo "2439"]
[BlackElo "2362"]
[WhiteTeam "SHSM Nashe Nasledie"]
[BlackTeam "CS Politechnica-Antibiotice Iasi"]
[WhiteFideId "4195752"]
[BlackFideId "1210246"]
[EventDate "2013.10.20"]

1. d4 Nf6 2. c4 g6 3. Nc3 Bg7 4. e4 d6 5. f3 O-O 6. Be3 Nc6 7. Nge2 a6 8. Qd2
Rb8 9. Rc1 Bd7 10. b3 Re8 11. d5 Na5 12. Ng3 c5 13. dxc6 Nxc6 14. Be2 Qa5 15. a4
Be6 16. O-O Nd7 17. Bd1 Nc5 18. Nge2 Ne5 19. Rb1 Qd8 20. Nf4 Bd7 21. Be2 Nc6 22.
Rfd1 e5 23. Nfd5 Nd4 24. Qa2 Nce6 25. a5 f5 26. b4 Kh8 27. Nb6 Nf4 28. Nxd7 Qxd7
29. Bf1 Nfe6 30. exf5 gxf5 31. Nd5 Rg8 32. Kh1 Qf7 33. c5 dxc5 34. bxc5 Nxc5 35.
Bc4 Rgd8 36. Bg5 Rd6 37. Be7 Rc6 38. Rxd4 exd4 39. Nb4 Qe8 40. Nxc6 Qxc6 41.
Bxc5 Qxc5 42. Bxa6 Ra8 43. Bxb7 Rxa5 44. Qe6 Qf8 45. f4 d3 46. Qd7 Ra3 47. h3
Qb8 48. Qxf5 d2 49. Qd7 Qxf4 50. Qd8+ Bf8 51. Rd1 Qd6 52. Qxd6 Bxd6 53. g3 Bb4
54. Kg2 Kg7 55. Bf3 Re3 56. Rb1 Bc5 57. Rb7+ Kg6 58. Rd7 Bb4 59. Bd1 h6 60. Rd4
Bc3 61. Rc4 Be5 62. Rc6+ Kg7 63. Rc2 Rxg3+ 64. Kf1 Bf4 65. Rc4 Bg5 66. h4 Be3
67. Rg4+ Rxg4 68. Bxg4 1/2-1/2

[Event "18th ECC w 2013"]
[Site "Rhodes GRE"]
[Date "2013.10.25"]
[Round "6.4"]
[White "Zimina, Olga"]
[Black "Nesic, Dragana"]
[Result "1-0"]
[WhiteTitle "IM"]
[WhiteElo "2337"]
[BlackElo "1842"]
[WhiteTeam "Fischer Chieti"]
[BlackTeam "Rudar Prijedor"]
[WhiteFideId "4132190"]
[BlackFideId "14403200"]
[EventDate "2013.10.20"]

1. Nf3 c5 2. c4 Nc6 3. Nc3 Nf6 4. d4 cxd4 5. Nxd4 a6 6. g3 g6 7. Bg2 Bg7 8. O-O
O-O 9. e3 Qc7 10. b3 e6 11. Bb2 Rd8 12. Rc1 b6 13. Nd5 exd5 14. cxd5 Bb7 15.
dxc6 dxc6 16. Bxc6 Bxc6 17. Rxc6 Qxc6 18. Nxc6 Rxd1 19. Rxd1 Ne8 20. Ne7+ Kh8
21. Bxg7+ Kxg7 22. e4 b5 23. f3 Kf6 24. Nd5+ Ke5 25. Nb4 Nd6 26. Kf2 Ke6 27. Rc1
a5 28. Nd5 Ra7 29. Rc5 Rb7 30. Ke3 a4 31. b4 f5 32. Kd4 fxe4 33. fxe4 Kd7 34.
Nc3 Ke6 35. Rc6 Kd7 36. Kc5 Nc8 37. e5 Na7 38. Rd6+ Ke7 39. Nd5+ Ke8 40. Rb6 1-0

[Event "18th ECC w 2013"]
[Site "Rhodes GRE"]
[Date "2013.10.25"]
[Round "6.4"]
[White "Plivcevic, Ivana"]
[Black "Brunello, Marina"]
[Result "0-1"]
[BlackTitle "WIM"]
[WhiteElo "1881"]
[BlackElo "2263"]
[WhiteTeam "Rudar Prijedor"]
[BlackTeam "Fischer Chieti"]
[WhiteFideId "14402882"]
[BlackFideId "822590"]
[EventDate "2013.10.20"]

1. c4 c5 2. Nf3 Nc6 3. b3 e5 4. Nc3 d6 5. e3 Nf6 6. d4 Bg4 7. dxe5 dxe5 8. Qxd8+
Rxd8 9. Nd2 Nb4 10. f3 Nc2+ 11. Ke2 Nxa1 12. fxg4 Nxg4 13. h3 Nf6 14. Kd1 g6 15.
Bb2 Bh6 16. Nd5 Nxd5 17. cxd5 Bxe3 18. Bxa1 Rxd5 19. Bb5+ Ke7 20. Ke2 Bxd2 21.
Bc4 Rdd8 22. Bxe5 f6 23. Bb2 Bf4 24. Kf3 Be5 25. Re1 Rhf8 26. Ba3 b6 27. b4 Kd6
28. bxc5+ bxc5 29. Bb5 Bd4 30. Bc4 Rfe8 0-1

[Event "18th ECC w 2013"]
[Site "Rhodes GRE"]
[Date "2013.10.25"]
[Round "6.4"]
[White "Djukic, Sandra"]
[Black "Di Primio, Eugenia"]
[Result "1/2-1/2"]
[WhiteElo "2150"]
[BlackElo "1982"]
[WhiteTeam "Rudar Prijedor"]
[BlackTeam "Fischer Chieti"]
[WhiteFideId "931390"]
[BlackFideId "821942"]
[EventDate "2013.10.20"]

1. d4 f5 2. h3 Nf6 3. g4 d5 4. g5 Ne4 5. Nf3 e6 6. Bf4 Nd7 7. e3 Be7 8. h4 c5 9.
c3 Qb6 10. Qb3 c4 11. Qc2 Qa6 12. Be2 b5 13. Ne5 Rg8 14. f3 Nd6 15. Nd2 Bb7 16.
Nxd7 Kxd7 17. Kf2 Qc6 18. a4 a6 19. Bf1 Rge8 20. Bg2 Bf8 21. Bxd6 Qxd6 22. f4
Reb8 23. Nf3 b4 24. Ne5+ Ke8 25. Qe2 Qc7 26. Qh5+ g6 27. Qe2 bxc3 28. bxc3 Bd6
29. h5 Bxe5 30. dxe5 Qa5 31. hxg6 hxg6 32. Rh8+ Kd7 33. Rh7+ Kc8 34. Qb2 Bc6 35.
Qa3 Bd7 36. Qf8+ Qd8 37. Qc5+ Qc7 38. Rh8+ Kb7 39. Rb1+ Bb5 40. Rh7 Qxh7 41.
axb5 Qc7 42. bxa6+ Kc8 43. Qf8+ Qd8 44. Qc5+ Qc7 45. Qf8+ Qd8 46. Qc5+ Qc7 47.
Qf8+ 1/2-1/2

[Event "18th ECC w 2013"]
[Site "Rhodes GRE"]
[Date "2013.10.25"]
[Round "6.5"]
[White "Bojkovic, Natasa"]
[Black "Novkovic, Julia"]
[Result "1/2-1/2"]
[WhiteTitle "IM"]
[BlackTitle "WFM"]
[WhiteElo "2414"]
[BlackElo "2105"]
[WhiteTeam "Chess Club BAS"]
[BlackTeam "ASVOE Pamhagen"]
[WhiteFideId "908550"]
[BlackFideId "12000086"]
[EventDate "2013.10.20"]

1. e4 e5 2. Nf3 Nc6 3. Bb5 a6 4. Ba4 Nf6 5. O-O Be7 6. d3 d6 7. c3 O-O 8. Re1 h6
9. Nbd2 Nh7 10. d4 b5 11. Bb3 Bf6 12. Bd5 Qe8 13. dxe5 dxe5 14. b4 Rb8 15. Nf1
Ne7 16. Bb3 Ng6 17. Ne3 Ng5 18. Nd5 Nxf3+ 19. Qxf3 Bd8 20. Ne3 Be6 21. Nf5 Bxb3
22. axb3 Qe6 23. Be3 Bf6 24. Ra3 Rfd8 25. Rea1 Ra8 26. Qe2 Nf4 27. Qc2 g6 28.
Ng3 Rd6 29. c4 Rc6 30. Bc5 Rd8 31. Nf1 Nd3 32. Ne3 bxc4 33. Nxc4 Nxc5 34. bxc5
Rxc5 35. Rxa6 Rc6 36. R6a5 Bg5 37. Rd1 Rb8 38. h3 h5 39. Qd3 f6 40. Rd5 Re8 41.
Rd8 Kf8 42. Rd7 Re7 43. Rd5 h4 44. Ra5 Ra6 45. Qd8+ Kf7 46. Rb5 Kg7 47. Rb8 Kh6
48. Qf8+ Rg7 49. Qh8+ Rh7 50. Qd8 Bf4 51. Rc8 Ra7 52. Rb8 Kg5 53. Qd3 Rd7 54.
Qe2 Ra2 55. Qf3 Rxd1+ 56. Qxd1 Qd7 1/2-1/2

[Event "18th ECC w 2013"]
[Site "Rhodes GRE"]
[Date "2013.10.25"]
[Round "6.5"]
[White "Hapala, Lisa"]
[Black "Gaponenko, Inna"]
[Result "0-1"]
[BlackTitle "IM"]
[WhiteElo "2018"]
[BlackElo "2400"]
[WhiteTeam "ASVOE Pamhagen"]
[BlackTeam "Chess Club BAS"]
[WhiteFideId "1622080"]
[BlackFideId "14101181"]
[EventDate "2013.10.20"]

1. e4 c5 2. Nf3 Nc6 3. d4 cxd4 4. Nxd4 g6 5. Nc3 Bg7 6. Be3 Nf6 7. Bc4 O-O 8.
Bb3 d6 9. f3 Nxd4 10. Bxd4 Be6 11. Qd2 Rc8 12. O-O-O Bxb3 13. cxb3 d5 14. exd5
Qxd5 15. Kb1 Qf5+ 16. Ka1 Rfd8 17. Qe2 Nd5 18. Bxg7 Kxg7 19. Rxd5 Rxd5 20. Nxd5
Qxd5 21. Rd1 Qf5 22. Qxe7 Qc2 23. Rb1 Qxg2 24. Qxb7 Re8 25. Qxa7 Qxh2 26. Qd4+
Kg8 27. Rc1 Qg3 28. f4 Re1 29. Kb1 Rxc1+ 30. Kxc1 Qe1+ 31. Kc2 h5 32. Qd8+ Kh7
33. Qf6 Qe2+ 34. Kc3 Qe3+ 35. Kc2 Kg8 36. b4 Qf2+ 37. Kb3 h4 38. b5 h3 39. b6
Qe3+ 40. Kc4 h2 41. Qd8+ Kg7 42. Qd5 Qc1+ 43. Kb5 h1=Q 44. Qxh1 Qxh1 45. a4 Qd5+
46. Ka6 Qc4+ 47. Ka5 Qb3 0-1